000 00744nam a2200289Ia 4500
005 20260324144313.0
008 008 260324s9999 xx 000 0 eng d
020 _a9781315799711
037 _aEBOOK
040 _aCRL
040 _beng
040 _cCRL
041 _2eng
041 _aeng
084 _qCRL
100 _aE. Mavis Hetherington; Josephine D. Arasteh
_91218823
245 0 _aImpact of Divorce, Single Parenting and Stepparenting on Children
245 2 _bA Case Study of Visual Agnosia
260 _bTaylor and Francis
260 _c1988
365 _a
365 _b300
856 _uhttp://www.taylorfrancis.com/books/9781315799711
942 _cEBOOK
999 _c1825288
_d1825288